000 01343nam a22002897 4500
999 _c1485
_d1485
003 AR-BaISA
005 20260408130714.0
007 ta
008 231109s2009 ag ad||| |||| 000 0 spa d
020 _a9789503800935
040 _bspa
_cAR-BaISA
082 0 4 _222
_a613.043 Ab39
100 1 _93171
_aAbeyá Gilardon, Enrique
_eaut.
245 1 0 _aEvaluación del estado nutricional de niñas, niños y embarazadas mediante antropometría /
_cautores Enrique O. Abeyá Gilardon, Elvira B. Calvo, Pablo Durán, Elsa N. Longo, Carmen Mazza
260 _aBuenos Aires:
_bMinisterio de Salud de la Nación,
_c2009
300 _a141 p.:
_bil., gráfs., tablas
505 _tVigilancia del crecimiento en los primeros años de vida
_tCurvas de referencia de la OMS --
_tBajo peso y baja talla de origen nutricional --
_tSobrepeso y obesidad --
_tEvaluación nutricional de la embarazada --
_tSistemas de registro de información y monitoreo --
_tEspecificaciones técnicas de los antropómetros
650 1 0 _91617
_aAntropometría
650 1 0 _9369
_aEvaluación nutricional
650 1 0 _91861
_aNutrición del niño
650 1 0 _91425
_aAlimentación en el embarazo
700 1 _93172
_aCalvo, Elvira
_eaut.
700 1 _93173
_aDurán, Pablo
_eaut.
700 1 _aLongo, Elsa
_eaut.
_9423
700 1 _93174
_aMazza, Carmen
_eaut.
942 _2ddc
_cLI
_e22